[Event "Ostravský koník 2014 - FIDE Open veteránù"]
[Site "Ostrava, CZE"]
[Date "2014.04.26"]
[Round "1"]
[White "Fišer, Otakar"]
[Black "Pokora, Lubomír"]
[Result "0-1"]
[WhiteElo "1610"]
[BlackElo "1892"]
[PlyCount "42"]

1. c4 e5 2. Nc3 Nc6 3. Nf3 g6 4. g3 Bg7 5. Bg2 Nf6 6. d3 O-O 7. O-O d6 8. Rb1
a5 9. a3 h6 10. b4 axb4 11. axb4 Nh5 12. e4 Be6 13. b5 Ne7 14. Be3 Qd7 15. Qd2
Kh7 16. c5 f5 17. h4 f4 18. gxf4 Nxf4 19. Ne2 Nxg2 20. Kxg2 Bh3+ 21. Kg1 Rxf3
0-1

[Event "Ostravský koník 2014 - FIDE Open veteránù"]
[Site "Ostrava, CZE"]
[Date "2014.04.26"]
[Round "1"]
[White "Žlebèík, Ladislav"]
[Black "Linart, Ludvík"]
[Result "1-0"]
[WhiteElo "1889"]
[BlackElo "1609"]
[PlyCount "93"]

1. e4 c5 2. Nf3 Nc6 3. d4 e6 4. d5 exd5 5. exd5 Qe7+ 6. Be2 Nd8 7. O-O Qd6 8.
Re1 Be7 9. Nc3 a6 10. Ne4 Qb6 11. a4 d6 12. Bd3 h6 13. a5 Qc7 14. Bf4 Kf8 15.
Qe2 Bd7 16. Nfd2 f5 17. Ng3 g6 18. Nc4 Nf7 19. Qf3 Re8 20. Re2 Bf6 21. Rae1
Rxe2 22. Qxe2 Ne7 23. Nb6 Ne5 24. Bxe5 dxe5 25. c4 Nc8 26. Nxd7+ Qxd7 27. Qd2
Nd6 28. b3 Kg7 29. b4 Rc8 30. Rb1 e4 31. Bf1 Kh7 32. b5 axb5 33. cxb5 c4 34. a6
c3 35. Qa2 b6 36. Qb3 Bg5 37. Qc2 Bd2 38. Ne2 Rc5 39. Rb3 Nc8 40. Nxc3 Bxc3 41.
Rxc3 Qxd5 42. Rxc5 Qxc5 43. Qxc5 bxc5 44. Bc4 Nb6 45. a7 Kg7 46. Bd5 c4 47.
Bxc4 1-0

[Event "Ostravský koník 2014 - FIDE Open veteránù"]
[Site "Ostrava, CZE"]
[Date "2014.04.26"]
[Round "1"]
[White "Chleviš�an, Jaromír"]
[Black "Plesník, Miroslav"]
[Result "0-1"]
[WhiteElo "1581"]
[BlackElo "1877"]
[PlyCount "122"]

1. d4 d5 2. Nf3 Nf6 3. c4 c6 4. Nc3 Bf5 5. e3 e6 6. Nh4 Bg4 7. Qb3 Qb6 8. Qxb6
axb6 9. h3 Bh5 10. g4 Bg6 11. Nxg6 hxg6 12. a3 Nxg4 13. cxd5 exd5 14. e4 dxe4
15. Nxe4 Be7 16. Bf4 Nf6 17. Nd6+ Bxd6 18. Bxd6 Ne4 19. Bc7 Nd7 20. f3 Nef6 21.
O-O-O Nd5 22. Re1+ Kf8 23. Bd6+ Kg8 24. Bc4 N7f6 25. Re2 Rh4 26. Bxd5 Nxd5 27.
Re4 Rh5 28. Re5 f6 29. Re4 Kf7 30. h4 Rd8 31. Bg3 g5 32. Rh2 gxh4 33. Rexh4
Rxh4 34. Rxh4 Ne3 35. Bf2 Nf5 36. Re4 Nd6 37. Re2 Nf5 38. Rd2 Rd5 39. b4 Nd6
40. Rd3 g5 41. Kc2 f5 42. Rc3 Kf6 43. Kd2 g4 44. Ke2 gxf3+ 45. Rxf3 Ne4 46.
Bh4+ Kg6 47. Kd3 Kh5 48. Rf4 Nd6 49. a4 c5 50. bxc5 bxc5 51. Be7 Kg6 52. Bxd6
Rxd6 53. a5 Kg5 54. Rf1 Rxd4+ 55. Kc3 f4 56. Re1 f3 57. Re5+ Kg4 58. Rxc5 Rf4
59. Rb5 f2 60. Rb1 f1=Q 61. Rxf1 Rxf1 0-1

[Event "Ostravský koník 2014 - FIDE Open veteránù"]
[Site "Ostrava, CZE"]
[Date "2014.04.26"]
[Round "1"]
[White "Puobiš, Jozef"]
[Black "Sudolský, Jan"]
[Result "1-0"]
[WhiteElo "1869"]
[BlackElo "1546"]
[PlyCount "125"]

1. d4 d5 2. Nf3 Bf5 3. Bf4 e6 4. Nc3 Bb4 5. e3 Ne7 6. Bd3 c6 7. O-O Qa5 8. Ne2
Bxd3 9. cxd3 Qd8 10. Qb3 Qb6 11. a3 Ba5 12. Qc2 Qd8 13. e4 Bc7 14. Ne5 Nd7 15.
Bg3 Rc8 16. Qd2 f6 17. Nxd7 Qxd7 18. f4 O-O 19. b4 dxe4 20. dxe4 Bb6 21. Rad1
Rcd8 22. Qc2 f5 23. a4 a6 24. Bf2 fxe4 25. Qxe4 Nd5 26. Rb1 Bc7 27. g3 Nf6 28.
Qf3 Qd5 29. Kg2 Ne4 30. Be3 Nf6 31. Nc3 Qxf3+ 32. Kxf3 Nd5 33. Ne4 Nxe3 34.
Kxe3 Bb6 35. Nc5 Bxc5 36. bxc5 Rd7 37. a5 Rfd8 38. Rb4 h6 39. Ke4 g5 40. fxg5
hxg5 41. Rf6 Kg7 42. Rxe6 Rh8 43. Rb2 Rhd8 44. Rd2 Rd5 45. Re7+ Kg6 46. Rxb7
Rxc5 47. Rb6 Re8+ 48. Kf3 Rxa5 49. Rxc6+ Kg7 50. d5 Ra4 51. d6 Rf8+ 52. Kg2 Rb4
53. Rxa6 Rb7 54. d7 Rd8 55. Rad6 Kf7 56. Kh3 Ke7 57. Kg4 Rb5 58. R6d5 Rxd5 59.
Rxd5 Kf6 60. h3 Ke6 61. Rd2 Kf6 62. Rd3 Kg6 63. Rd6+ 1-0

[Event "Ostravský koník 2014 - FIDE Open veteránù"]
[Site "Ostrava, CZE"]
[Date "2014.04.26"]
[Round "1"]
[White "Køivohlávek, Josef"]
[Black "Ludvíèek, Josef"]
[Result "0-1"]
[WhiteElo "1500"]
[BlackElo "1867"]
[PlyCount "112"]

1. d4 d5 2. c4 c6 3. Nf3 dxc4 4. a4 f6 5. Nc3 a6 6. e3 Be6 7. Nd2 Nd7 8. Nxc4
b5 9. Nd2 b4 10. Nce4 Bf7 11. Be2 e5 12. Nc4 exd4 13. Ned6+ Bxd6 14. Nxd6+ Kf8
15. Nxf7 Kxf7 16. Qb3+ Kf8 17. exd4 a5 18. O-O Ne7 19. Be3 Nb6 20. Rfd1 Ned5
21. Rd3 Qe7 22. Rc1 Rc8 23. Bf3 Qd6 24. Rc5 Ke7 25. Rxa5 Ra8 26. Rc5 Rxa4 27.
Bxd5 Ra1+ 28. Bc1 Nxd5 29. Qc2 Kd7 30. Qe2 g6 31. Qd2 Re8 32. g3 Qe6 33. Qc2
Qe1+ 34. Kg2 Re6 35. Rd1 Qe4+ 36. Qxe4 Rxe4 37. Kf1 f5 38. Rd2 Re6 39. Rdc2 g5
40. Re2 g4 41. Rxe6 Kxe6 42. Rxc6+ Kd7 43. Rc5 Nc3 44. bxc3 Rxc1+ 45. Kg2 b3
46. Rxf5 b2 47. Rf7+ Ke6 48. Rb7 b1=Q 49. Rxb1 Rxb1 50. h3 h5 51. hxg4 hxg4 52.
f3 Rb2+ 53. Kf1 gxf3 54. c4 Rg2 55. Ke1 Rxg3 56. Kf2 Rg4 0-1

[Event "Ostravský koník 2014 - FIDE Open veteránù"]
[Site "Ostrava, CZE"]
[Date "2014.04.26"]
[Round "1"]
[White "Peøík, Alois"]
[Black "Pirhala, Ladislav"]
[Result "1-0"]
[WhiteElo "1838"]
[BlackElo "1481"]
[PlyCount "49"]

1. c4 Nf6 2. Nc3 e6 3. e4 Nc6 4. Nf3 d6 5. d4 Be7 6. Bd3 e5 7. dxe5 dxe5 8. h3
O-O 9. Bg5 h6 10. Bxf6 Bxf6 11. O-O Be6 12. Nd5 Bxd5 13. cxd5 Nd4 14. Nxd4 exd4
15. f4 Be7 16. Rc1 b6 17. Rc6 f6 18. Qg4 Bc5 19. Kh1 Qc8 20. Qg6 Qd7 21. e5
fxe5 22. Qh7+ Kf7 23. fxe5+ Ke8 24. Rxf8+ Bxf8 25. Qg8 1-0

[Event "Ostravský koník 2014 - FIDE Open veteránù"]
[Site "Ostrava, CZE"]
[Date "2014.04.26"]
[Round "1"]
[White "Bebek, Ivan"]
[Black "Míèka, Jaroslav"]
[Result "0-1"]
[WhiteElo "1375"]
[BlackElo "1837"]
[PlyCount "84"]

1. d4 e6 2. Nf3 d5 3. c4 Nf6 4. Bg5 Nbd7 5. cxd5 exd5 6. Bxf6 Nxf6 7. a3 Bd6 8.
e3 O-O 9. Nc3 c6 10. Bd3 Re8 11. O-O Bg4 12. h3 Bh5 13. Be2 Qe7 14. Ne1 Bg6 15.
Bd3 Ne4 16. Bxe4 Bxe4 17. Nxe4 dxe4 18. Qb3 Rad8 19. g3 Bb8 20. Ng2 g5 21. Rac1
Rd5 22. Qc2 f5 23. Qe2 Qf6 24. Qh5 Rf8 25. Rc5 Rxc5 26. dxc5 Be5 27. Rd1 Rd8
28. Rxd8+ Qxd8 29. b4 Kg7 30. h4 h6 31. g4 Qd1+ 32. Ne1 Qxe1+ 33. Kg2 Qd1 34.
hxg5 Qxg4+ 35. Qxg4 fxg4 36. gxh6+ Kxh6 37. a4 a6 38. Kf1 Kg5 39. Ke2 Kf6 40.
Kd2 Ke6 41. Kc2 Kd5 42. Kb3 Bh2 0-1

[Event "Ostravský koník 2014 - FIDE Open veteránù"]
[Site "Ostrava, CZE"]
[Date "2014.04.27"]
[Round "2"]
[White "Plesník, Miroslav"]
[Black "Krouzel, Jaroslav"]
[Result "1/2-1/2"]
[WhiteElo "1877"]
[BlackElo "2135"]
[PlyCount "49"]

1. d4 f5 2. c4 Nf6 3. Nc3 d6 4. Bg5 e6 5. e4 fxe4 6. Nxe4 Be7 7. Bxf6 Bxf6 8.
Nf3 O-O 9. Bd3 Nc6 10. Nxf6+ Qxf6 11. O-O Bd7 12. a3 Rae8 13. c5 Kh8 14. Bb5 a6
15. Ba4 Rd8 16. cxd6 cxd6 17. d5 exd5 18. Qxd5 Ne7 19. Qe4 b5 20. Bd1 Bc6 21.
Qd4 Qg6 22. Nh4 Qg5 23. g3 Nf5 24. Nxf5 Qxf5 25. Rc1 1/2-1/2

[Event "Ostravský koník 2014 - FIDE Open veteránù"]
[Site "Ostrava, CZE"]
[Date "2014.04.27"]
[Round "2"]
[White "Jamka, Bretislav"]
[Black "Puobis, Jozef"]
[Result "1-0"]
[WhiteElo "2059"]
[BlackElo "1869"]
[PlyCount "37"]

1. d4 d5 2. c4 Nc6 3. e3 e5 4. dxe5 d4 5. a3 Bf5 6. Nf3 dxe3 7. Qxd8+ Rxd8 8.
Bxe3 Bxb1 9. Rxb1 Nge7 10. g3 Nf5 11. Bg5 Rd7 12. Bh3 g6 13. Bf6 Rg8 14. O-O
Rd3 15. Kg2 Rb3 16. Rfd1 Be7 17. Rd2 Bxa3 18. Bxf5 gxf5 19. Nd4 1-0

[Event "Ostravský koník 2014 - FIDE Open veteránù"]
[Site "Ostrava, CZE"]
[Date "2014.04.27"]
[Round "2"]
[White "Ludvícek, Josef"]
[Black "Kostál, Otakar"]
[Result "1/2-1/2"]
[WhiteElo "1867"]
[BlackElo "2008"]
[PlyCount "71"]

1. e4 c6 2. f4 d5 3. e5 Bf5 4. d4 e6 5. Bd3 Bxd3 6. Qxd3 Qa5+ 7. c3 Qa6 8. Qf3
c5 9. Ne2 Nc6 10. O-O cxd4 11. cxd4 Nge7 12. Bd2 g6 13. g4 h5 14. h3 hxg4 15.
hxg4 Nc8 16. f5 gxf5 17. gxf5 N8e7 18. fxe6 fxe6 19. Rf2 Rg8+ 20. Rg2 Rxg2+ 21.
Kxg2 O-O-O 22. Nbc3 Nf5 23. Qg4 Qd3 24. Bg5 Rd7 25. Rd1 Ne3+ 26. Bxe3 Qxe3 27.
Qxe6 Nd8 28. Qh3 Qg5+ 29. Ng3 Qg8 30. Qf5 Ne6 31. Nce2 Kb8 32. Nf4 Nxf4+ 33.
Qxf4 Rg7 34. Qe3 Be7 35. Rf1 Bg5 36. Qd3 1/2-1/2

[Event "Ostravský koník 2014 - FIDE Open veteránù"]
[Site "Ostrava, CZE"]
[Date "2014.04.27"]
[Round "2"]
[White "Mícka, Jaroslav"]
[Black "Macura, Emil"]
[Result "0-1"]
[WhiteElo "1837"]
[BlackElo "1997"]
[PlyCount "64"]

1. e4 e5 2. Nf3 Nc6 3. Nc3 Nf6 4. Bb5 d6 5. d4 exd4 6. Nxd4 Bd7 7. O-O Be7 8.
Re1 O-O 9. Nxc6 bxc6 10. Be2 Re8 11. Bf3 h6 12. Be3 a5 13. b3 Nh7 14. Qd2 Ng5
15. Be2 Bf6 16. f3 c5 17. Rad1 Bc6 18. a4 Ne6 19. Nb5 Rf8 20. c3 Qe7 21. Bc4
Rfd8 22. Bd5 Ra6 23. f4 Be8 24. Bxe6 fxe6 25. c4 Bh5 26. Rc1 c6 27. Nc3 Rb6 28.
Qc2 Rdb8 29. h3 Rxb3 30. g4 Rxc3 31. e5 Rxc2 32. exf6 Qxf6 0-1

[Event "Ostravský koník 2014 - FIDE Open veteránù"]
[Site "Ostrava, CZE"]
[Date "2014.04.27"]
[Round "2"]
[White "Bríza, Jirí"]
[Black "Perík, Alois"]
[Result "1-0"]
[WhiteElo "1910"]
[BlackElo "1838"]
[PlyCount "91"]

1. b3 d5 2. Bb2 Bf5 3. e3 e6 4. Nf3 Nf6 5. Bb5+ c6 6. Be2 Nbd7 7. O-O Bd6 8. d4
O-O 9. Nbd2 Ne4 10. g3 Bh3 11. Re1 Bb4 12. a3 Bc3 13. Qc1 Bxb2 14. Qxb2 Qf6 15.
Nxe4 dxe4 16. Nd2 Qf5 17. c4 Nf6 18. Qc2 Bg4 19. f3 exf3 20. Qxf5 Bxf5 21. Bxf3
Rad8 22. Ra2 h6 23. e4 Bg6 24. d5 cxd5 25. exd5 exd5 26. Re7 Be4 27. Nxe4 dxe4
28. Bxe4 Nxe4 29. Rxe4 Rfe8 30. Rxe8+ Rxe8 31. Kf2 Kf8 32. c5 f5 33. b4 Re4 34.
Rc2 Ke7 35. c6 bxc6 36. Rxc6 Kf7 37. Ra6 Re7 38. h4 g6 39. h5 gxh5 40. Rxh6 Kg7
41. Ra6 Kf7 42. Kf3 Ke8 43. Kf4 Rf7 44. Rh6 a5 45. bxa5 Re7 46. Rh8+ 1-0

[Event "Ostravský koník 2014 - FIDE Open veteránù"]
[Site "Ostrava, CZE"]
[Date "2014.04.27"]
[Round "2"]
[White "Trojek, Miroslav"]
[Black "Folta, Frantisek"]
[Result "1/2-1/2"]
[WhiteElo "1901"]
[BlackElo "1812"]
[PlyCount "56"]

1. e4 c5 2. Nf3 d6 3. d4 cxd4 4. Nxd4 Nf6 5. Nc3 g6 6. Be3 Bg7 7. Be2 O-O 8.
Qd2 Re8 9. O-O Nc6 10. f4 Qa5 11. Nb3 Qc7 12. Rad1 Bg4 13. a3 Bxe2 14. Qxe2 a6
15. Nd5 Nxd5 16. exd5 Na5 17. Nxa5 Qxa5 18. c3 Rac8 19. Qf3 Qc7 20. f5 Rf8 21.
Qe4 Rce8 22. fxg6 hxg6 23. Rf3 e5 24. Qg4 Qc8 25. Qh4 Qd8 26. Qg4 Qc8 27. Qh4
Qd8 28. Qg3 e4 1/2-1/2

[Event "Ostravský koník 2014 - FIDE Open veteránù"]
[Site "Ostrava, CZE"]
[Date "2014.04.27"]
[Round "2"]
[White "Vlcek, Antonín"]
[Black "Lexa, Václav"]
[Result "1-0"]
[WhiteElo "1835"]
[BlackElo "1895"]
[PlyCount "48"]

1. e4 c5 2. Nf3 d6 3. d4 cxd4 4. Nxd4 Nf6 5. Nc3 a6 6. Bg5 e6 7. Qd2 Be7 8. Be2
Nbd7 9. O-O-O Qc7 10. f4 b5 11. Bf3 Bb7 12. Rhe1 O-O 13. e5 Bxf3 14. Nxf3 b4
15. Na4 Qc6 16. exf6 gxf6 17. Bh6 Qxa4 18. Qf2 Kh8 19. Bxf8 Bxf8 20. Kb1 b3 21.
axb3 Qxf4 22. Rd4 Qf5 23. g4 Qc5 24. Qg2 Rc8 1-0

[Event "Ostravský koník 2014 - FIDE Open veteránù"]
[Site "Ostrava, CZE"]
[Date "2014.04.27"]
[Round "2"]
[White "Pokora, Lubomír"]
[Black "Hruska, Stanislav"]
[Result "1-0"]
[WhiteElo "1892"]
[BlackElo "1491"]
[PlyCount "71"]

1. e4 e5 2. Nf3 Nf6 3. Nxe5 Nc6 4. Nxc6 dxc6 5. c3 Bd6 6. Be2 Nxe4 7. d3 Ng5 8.
Be3 O-O 9. Nd2 b6 10. Nc4 h6 11. Nxd6 cxd6 12. h4 Nh7 13. Qd2 Qf6 14. O-O-O Be6
15. Kb1 c5 16. g4 Bd5 17. Rh3 Qe6 18. c4 Bc6 19. Rg3 Nf6 20. g5 Ne4 21. dxe4
Bxe4+ 22. Ka1 Bg6 23. gxh6 Rad8 24. h5 Bf5 25. Rxg7+ Kh8 26. Qd5 Qf6 27. Bg5
Be6 28. Bxf6 Bxd5 29. cxd5 Rde8 30. Rxf7+ Kg8 31. Rxf8+ Rxf8 32. Rg1+ Kf7 33.
Bg7 Rg8 34. Bg4 Rxg7 35. Be6+ Kf6 36. hxg7 1-0

[Event "Ostravský koník 2014 - FIDE Open veteránù"]
[Site "Ostrava, CZE"]
[Date "2014.04.27"]
[Round "2"]
[White "Novotný, Petr"]
[Black "Zlebcík, Ladislav"]
[Result "1/2-1/2"]
[WhiteElo "1661"]
[BlackElo "1889"]
[PlyCount "87"]

1. e4 e6 2. d4 d5 3. Nd2 c5 4. exd5 exd5 5. Ngf3 Nf6 6. dxc5 Bxc5 7. Be2 O-O 8.
O-O Re8 9. Nb3 Bb6 10. Bg5 Bd7 11. c3 Bc6 12. Re1 Bxf2+ 13. Kxf2 Ne4+ 14. Kg1
Nxg5 15. Nxg5 Qxg5 16. Bf3 Nd7 17. Nd4 Nf6 18. Rxe8+ Rxe8 19. Qf1 Qe3+ 20. Qf2
Bd7 21. Qxe3 Rxe3 22. Kf2 Re7 23. h3 Kf8 24. Rd1 Ne4+ 25. Kf1 f5 26. Ne2 Bc6
27. Nf4 Rd7 28. Ke2 Ke7 29. Ke3 b6 30. Ne2 g5 31. Nd4 f4+ 32. Ke2 Ng3+ 33. Kf2
Bb7 34. Bg4 Rd8 35. Nf5+ Nxf5 36. Bxf5 h6 37. Bg4 Rd6 38. Bf3 Bc6 39. g3 fxg3+
40. Kxg3 Kf6 41. Rf1 Kg6 42. Rd1 Kf6 43. Rf1 Kg6 44. Rd1 1/2-1/2

[Event "Ostravský koník 2014 - FIDE Open veteránù"]
[Site "Ostrava, CZE"]
[Date "2014.04.27"]
[Round "2"]
[White "Jaros, Bohumil"]
[Black "Kanovský, Jan"]
[Result "1/2-1/2"]
[WhiteElo "2000"]
[BlackElo "1728"]
[PlyCount "45"]

1. e4 e5 2. Nf3 Nc6 3. Bb5 a6 4. Bxc6 dxc6 5. d4 exd4 6. Nxd4 c5 7. Nb3 Qxd1+
8. Kxd1 Be6 9. Bf4 O-O-O+ 10. Ke1 c4 11. Nc1 Bc5 12. Ne2 Ne7 13. Nbc3 Ng6 14.
Bg3 f6 15. Rd1 h5 16. f3 b5 17. a3 Kb7 18. Bf2 Bd6 19. Be3 Nh4 20. Kf2 g5 21.
g3 Ng6 22. Rd2 h4 23. g4 1/2-1/2

[Event "Ostravský koník 2014 - FIDE Open veteránù"]
[Site "Ostrava, CZE"]
[Date "2014.04.27"]
[Round "2"]
[White "Tejkal, Jirí"]
[Black "Tretina, Zdenek"]
[Result "1-0"]
[WhiteElo "1942"]
[BlackElo "1740"]
[PlyCount "67"]

1. d4 d5 2. Nf3 Nf6 3. Bf4 e6 4. e3 Bd6 5. Bg3 Bxg3 6. hxg3 h6 7. Bd3 Nbd7 8.
c4 dxc4 9. Bxc4 a6 10. Nc3 b5 11. Bd3 Bb7 12. O-O O-O 13. Qe2 c5 14. Rfd1 c4
15. Bc2 Qc7 16. Rac1 Rac8 17. a3 Rfd8 18. e4 e5 19. Bb1 exd4 20. Nxd4 Nc5 21.
Nf5 Rxd1+ 22. Rxd1 Rd8 23. Rxd8+ Qxd8 24. e5 Nh7 25. Nd6 Nf8 26. Qe3 Qc7 27.
Nxb7 Nxb7 28. Qa7 Qxe5 29. Qxb7 Qe1+ 30. Kh2 Qxf2 31. Nd5 Qxb2 32. Ne7+ Kh8 33.
Qc8 g6 34. Qxf8+ 1-0

[Event "Ostravský koník 2014 - FIDE Open veteránù"]
[Site "Ostrava, CZE"]
[Date "2014.04.27"]
[Round "2"]
[White "Doskar, Miloslav"]
[Black "Bíza, Miroslav"]
[Result "1/2-1/2"]
[WhiteElo "1703"]
[BlackElo "1928"]
[PlyCount "101"]

1. d4 Nf6 2. c4 e5 3. dxe5 Ng4 4. Nf3 Nc6 5. Bf4 Bb4+ 6. Nbd2 Qe7 7. a3 Ncxe5
8. Nxe5 Nxe5 9. Bxe5 Bxd2+ 10. Qxd2 Qxe5 11. e3 d6 12. Be2 Be6 13. O-O O-O 14.
Rac1 Rad8 15. Rfd1 Rd7 16. Qd4 Qxd4 17. Rxd4 b6 18. Bf3 Re7 19. g3 g6 20. Kg2
Kg7 21. b4 Rb8 22. h4 f6 23. h5 g5 24. Rh1 f5 25. Bc6 a5 26. b5 h6 27. f3 Bd7
28. Bxd7 Rxd7 29. Kf2 Re7 30. Rhd1 Rbe8 31. R1d3 Re5 32. Rd5 Kf6 33. g4 fxg4
34. fxg4 Rxd5 35. Rxd5 Re4 36. Rd4 Ke5 37. Rd5+ Ke6 38. Rd4 Ke5 39. Rd5+ Kf6
40. Rd4 Re5 41. Kf3 Rc5 42. e4 Ke7 43. Ke3 c6 44. bxc6 Rxc6 45. Kd3 Rc8 46. Rd5
Ke6 47. Kd4 Rc5 48. a4 Rc7 49. Rb5 Rb7 50. Rf5 Rb8 51. Rb5 1/2-1/2

[Event "Ostravský koník 2014 - FIDE Open veteránù"]
[Site "Ostrava, CZE"]
[Date "2014.04.27"]
[Round "2"]
[White "Spála, Jirí"]
[Black "Rechtenberg, Karel"]
[Result "1/2-1/2"]
[WhiteElo "1000"]
[BlackElo "1903"]
[PlyCount "47"]

1. d4 Nf6 2. Nf3 g6 3. c4 Bg7 4. Nc3 d5 5. cxd5 Nxd5 6. e4 Nxc3 7. bxc3 c5 8.
Bb5+ Bd7 9. Qb3 cxd4 10. Bxd7+ Qxd7 11. Nxd4 Nc6 12. Rb1 Rb8 13. O-O O-O 14.
Rd1 Nxd4 15. cxd4 b6 16. Bb2 Rbc8 17. Rd3 Rc7 18. Rbd1 Rfc8 19. e5 e6 20. d5
Bf8 21. dxe6 Qxe6 22. Qxe6 fxe6 23. g3 Be7 24. Ba3 1/2-1/2

[Event "Ostravský koník 2014 - FIDE Open veteránù"]
[Site "Ostrava, CZE"]
[Date "2014.04.27"]
[Round "2"]
[White "Divis, Jan"]
[Black "Jancálek, Jan"]
[Result "0-1"]
[WhiteElo "1727"]
[BlackElo "1783"]
[PlyCount "72"]

1. d4 Nf6 2. Bf4 g6 3. c3 Bg7 4. e3 O-O 5. h3 d6 6. Nf3 a6 7. Bd3 e6 8. O-O Nc6
9. e4 Re8 10. e5 dxe5 11. Nxe5 Nxe5 12. Bxe5 Nd7 13. Bxg7 Kxg7 14. Na3 b5 15.
Be4 Rb8 16. b4 Nf6 17. Bc6 Bd7 18. Bxd7 Qxd7 19. Qf3 Qd5 20. Qxd5 Nxd5 21. Nb1
e5 22. dxe5 Rxe5 23. a4 Rbe8 24. axb5 axb5 25. Ra7 Re2 26. Ra5 c6 27. Ra6 R8e6
28. Ra3 Rc2 29. Rb3 Ree2 30. Na3 Ra2 31. c4 bxc4 32. Nxc4 Ra4 33. Rfb1 Re4 34.
Nb2 Raxb4 35. Nd3 Rxb3 36. Rxb3 h5 0-1

[Event "Ostravský koník 2014 - FIDE Open veteránù"]
[Site "Ostrava, CZE"]
[Date "2014.04.27"]
[Round "2"]
[White "Linart, Ludvík"]
[Black "Sipl, Frantisek"]
[Result "1/2-1/2"]
[WhiteElo "1609"]
[BlackElo "1836"]
[PlyCount "53"]

1. d4 Nf6 2. Nf3 e6 3. Bg5 c5 4. Bxf6 Qxf6 5. e4 Nc6 6. e5 Qd8 7. d5 exd5 8.
Qxd5 Qe7 9. Bc4 Nb4 10. Qd2 g6 11. O-O Bg7 12. Nc3 O-O 13. a3 Nc6 14. Nd5 Qd8
15. Rfe1 a6 16. Rad1 b5 17. Ba2 c4 18. Qf4 h6 19. Nf6+ Kh8 20. Rd6 Ne7 21. Nd4
Ng8 22. c3 Bxf6 23. exf6 Re8 24. Re3 Rxe3 25. fxe3 Qe8 26. Bb1 g5 27. Qe4
1/2-1/2

[Event "Ostravský koník 2014 - FIDE Open veteránù"]
[Site "Ostrava, CZE"]
[Date "2014.04.27"]
[Round "2"]
[White "Korínek, Jaroslav"]
[Black "Fiser, Otakar"]
[Result "1-0"]
[WhiteElo "1810"]
[BlackElo "1610"]
[PlyCount "53"]

1. e4 c5 2. Nf3 d6 3. d4 cxd4 4. Nxd4 Nf6 5. Nc3 g6 6. Be2 Bg7 7. Be3 O-O 8.
Qd2 Nc6 9. f3 Bd7 10. g4 h5 11. h3 Rc8 12. O-O-O Qa5 13. Nb3 Qd8 14. Bh6 Be6
15. Bxg7 Kxg7 16. Nd5 a5 17. Nxf6 exf6 18. gxh5 a4 19. Nd4 Bxa2 20. Rhg1 Nxd4
21. Qxd4 Bb3 22. Bd3 Rc5 23. hxg6 fxg6 24. e5 Bf7 25. e6 Bxe6 26. Bxg6 Qc8 27.
Be8+ 1-0

[Event "Ostravský koník 2014 - FIDE Open veteránù"]
[Site "Ostrava, CZE"]
[Date "2014.04.27"]
[Round "2"]
[White "Vinklárek, Vlastimil"]
[Black "Chlevistan, Jaromír"]
[Result "1-0"]
[WhiteElo "1762"]
[BlackElo "1581"]
[PlyCount "83"]

1. d4 d5 2. c4 e5 3. dxe5 d4 4. a3 Nc6 5. Nf3 Bg4 6. Nbd2 Nge7 7. h3 Bf5 8. Nb3
Ng6 9. Nbxd4 Nxd4 10. Qxd4 Bc2 11. Bg5 Qxd4 12. Nxd4 Ba4 13. b3 Bd7 14. Nf3 h6
15. Bd2 Be7 16. e3 O-O 17. Be2 Rfe8 18. O-O Bc6 19. Bc3 Bxf3 20. gxf3 Rad8 21.
f4 Bf8 22. b4 Nh4 23. Rad1 g5 24. Rxd8 Rxd8 25. Rd1 Rxd1+ 26. Bxd1 Ng6 27. f5
Ne7 28. e4 Nc6 29. Ba4 Nd8 30. c5 Bg7 31. f3 Bf8 32. Kf2 a5 33. Ke3 h5 34. Kd4
axb4 35. axb4 Bg7 36. Bd2 f6 37. e6 Kf8 38. b5 Ke8 39. Ba5 c6 40. Bc7 cxb5 41.
Bxb5+ Nc6+ 42. Kd5 1-0

[Event "Ostravský koník 2014 - FIDE Open veteránù"]
[Site "Ostrava, CZE"]
[Date "2014.04.27"]
[Round "2"]
[White "Sudolský, Jan"]
[Black "Koudelka, Milos"]
[Result "0-1"]
[WhiteElo "1546"]
[BlackElo "1758"]
[PlyCount "82"]

1. Nf3 d5 2. c4 e6 3. e3 Nf6 4. b3 c5 5. Bb2 Nc6 6. cxd5 exd5 7. Bb5 a6 8.
Bxc6+ bxc6 9. O-O Bd6 10. d3 O-O 11. Nbd2 Bf5 12. Bxf6 Qxf6 13. e4 Bg4 14. h3
Be6 15. Re1 Bc7 16. e5 Qh6 17. Nh2 Ba5 18. Re2 Rad8 19. Ndf3 f5 20. Qc1 Bb6 21.
Ng5 Rde8 22. Nxe6 Qxe6 23. a4 a5 24. Nf3 h6 25. Kh2 Ba7 26. d4 Rb8 27. Qc3 cxd4
28. Qxa5 Ra8 29. Qd2 c5 30. Kh1 Rab8 31. Qd3 Rf7 32. Nd2 Rfb7 33. f4 Rb4 34. g4
g6 35. gxf5 gxf5 36. Rg1+ Kh8 37. Reg2 c4 38. Qg3 R4b7 39. Qh4 Qe7 40. Qxh6+
Qh7 41. Qf6+ Rg7 0-1

[Event "Ostravský koník 2014 - FIDE Open veteránù"]
[Site "Ostrava, CZE"]
[Date "2014.04.27"]
[Round "2"]
[White "Bystron, Vladislav"]
[Black "Krivohlávek, Josef"]
[Result "1-0"]
[WhiteElo "1751"]
[BlackElo "1500"]
[PlyCount "82"]

1. e4 e6 2. Bc4 a6 3. a4 Bc5 4. Nf3 Ne7 5. d4 Ba7 6. Nc3 O-O 7. Bg5 h6 8. Bh4
c6 9. h3 d6 10. O-O Qc7 11. b3 Ng6 12. Bg3 Nd7 13. b4 e5 14. dxe5 Ndxe5 15. Bb3
Be6 16. Bxe6 fxe6 17. Nxe5 Nxe5 18. Ne2 Qe7 19. Kh1 Rad8 20. b5 Bc5 21. bxa6
bxa6 22. f4 Nc4 23. Qd3 d5 24. exd5 exd5 25. Rae1 Qe3 26. Qg6 Rd6 27. Qg4 Qa3
28. f5 Ne3 29. Qh5 Nxf1 30. Bxd6 Bxd6 31. Rxf1 Be5 32. Qg6 Qd6 33. Qxd6 Bxd6
34. Nd4 c5 35. Ne6 Rf6 36. g4 g6 37. Rb1 Rf7 38. Rb6 Rd7 39. Rxa6 d4 40. Rc6 d3
41. cxd3 Bg3 1-0

[Event "Ostravský koník 2014 - FIDE Open veteránù"]
[Site "Ostrava, CZE"]
[Date "2014.04.27"]
[Round "2"]
[White "Kosár st., Mikulás"]
[Black "Bebek, Ivan"]
[Result "0-1"]
[WhiteElo "1731"]
[BlackElo "1375"]
[PlyCount "66"]

1. e4 d5 2. exd5 Nf6 3. Bc4 c6 4. dxc6 Nxc6 5. Nf3 e6 6. O-O Be7 7. Re1 O-O 8.
d4 Nd5 9. a3 Nb6 10. Bb3 Bf6 11. c3 Re8 12. Bf4 Nd5 13. Bg3 b6 14. Nbd2 Bb7 15.
Ne4 Na5 16. Ba4 Bc6 17. Bxc6 Nxc6 18. Nxf6+ Nxf6 19. Qa4 Qc8 20. Qc2 Rd8 21.
Bh4 Nxd4 22. Nxd4 Rxd4 23. Bxf6 gxf6 24. Re3 Rg4 25. Rh3 Rg7 26. Re1 f5 27.
Ree3 Qc6 28. Reg3 Rd8 29. Rxg7+ Kxg7 30. Qe2 Qe4 31. Rg3+ Kh8 32. Re3 Qb1+ 33.
Qe1 Rd1 0-1

[Event "Ostravský koník 2014 - FIDE Open veteránù"]
[Site "Ostrava, CZE"]
[Date "2014.04.27"]
[Round "2"]
[White "Pirhala, Ladislav"]
[Black "Herman, Pavel"]
[Result "0-1"]
[WhiteElo "1481"]
[BlackElo "1706"]
[PlyCount "116"]

1. e4 d6 2. d4 Nf6 3. Bd3 g6 4. Bg5 Bg7 5. c3 O-O 6. Qd2 Nbd7 7. Bh6 e5 8. Bxg7
Kxg7 9. d5 Nc5 10. f3 a6 11. Bc2 b5 12. Ne2 a5 13. O-O Ba6 14. b3 Qd7 15. Rf2
c6 16. Ng3 h6 17. Qd1 Rfe8 18. Nd2 cxd5 19. b4 axb4 20. cxb4 Ne6 21. exd5 Nxd5
22. a3 Ne3 23. Qb1 Nxc2 24. Qxc2 Rac8 25. Qd3 Nf4 26. Qe3 Bb7 27. Ne2 Ne6 28.
Rff1 Bd5 29. Rac1 Rxc1 30. Rxc1 Bb7 31. Nb3 Rc8 32. Rxc8 Qxc8 33. Qc3 Qc7 34.
Qxc7 Nxc7 35. Na5 Ba8 36. Nc3 Kf6 37. Kf2 Ke6 38. a4 bxa4 39. Nxa4 f5 40. Nb6
d5 41. Nxa8 Nxa8 42. b5 Nb6 43. Nc6 Kd6 44. g4 Nc4 45. gxf5 gxf5 46. Nd8 Kc5
47. Nf7 h5 48. Nh6 f4 49. Nf5 Kxb5 50. h4 d4 51. Ng7 d3 52. Nxh5 Ne3 53. Ke1
Kc4 54. Nf6 Ng2+ 55. Kf2 Nxh4 56. Ne4 Kd4 57. Nd2 Kc3 58. Ne4+ Kc2 0-1